Name These WW1 Countries by Their Flags - Statistics

General Stats
  • This quiz has been taken 44 times
  • The average score is 15 of 16
Answer Stats
Picture Answer % Correct
France
100%
Belgium
98%
German Empire
98%
Portugal
98%
Russian Empire
98%
Spain
98%
Switzerland
98%
Tsardom of Bulgaria
98%
United Kingdom
98%
United States of America
98%
Empire of Japan
95%
Luxembourg
95%
Romania
95%
Serbia
95%
Ottoman Empire
88%
Austria Hungary
83%
No matching quizzes found
Score Distribution
Percent of People with Each Score
Percentile by Number Answered
Your Score History
You have not taken this quiz